Dimensions of professional nursing /

Bibliographic Details
Main Author: Kelly, Lucie Young
Other Authors: Kelly, Cordelia W.
Format: Book
Language:English
Published: New York : Macmillan, [1975]
Edition:3d ed.
Subjects:

MARC

Tag First Indicator Second Indicator Subfields
LEADER 00000cam a2200000 i 4500
001 in00000359727
005 20151011063836.0
008 750124s1975 nyu b 00110 eng
010 |a  74015133  
020 |a 0023622601 
035 |a (OCoLC)01497125 
035 |9 ABN3216AM 
040 |a DLC  |c DLC  |d TXA  |d UtOrBLW 
049 |a TXAM  |c [1535083] 
050 0 0 |a RT82  |b .K4 1975 
060 0 |a WY16 K33d 
082 0 |a 610.73 
100 1 |a Kelly, Lucie Young. 
245 1 0 |a Dimensions of professional nursing /  |c Lucie Young Kelly. 
250 |a 3d ed. 
264 1 |a New York :  |b Macmillan,  |c [1975] 
300 |a xiii, 573 pages ;  |c 26 cm. 
336 |a text  |b txt  |2 rdacontent 
337 |a unmediated  |b n  |2 rdamedia 
338 |a volume  |b nc  |2 rdacarrier 
500 |a Previous editions by C. W. Kelly. 
504 |a Includes bibliographies and index. 
650 0 |a Nursing  |x Vocational guidance. 
650 2 |a Nursing. 
700 1 |a Kelly, Cordelia W.  |t Dimensions of professional nursing. 
999 |a MARS 
999 f f |s 94778975-45e7-34e7-8b73-260b7d8c5437  |i ebe5ec75-336f-38d6-81e9-e8b0e4af2787  |t 0 
952 f f |p ric  |a Texas A&M University  |b Rellis Campus  |c Joint Library Facility  |d Remote Storage  |t 0  |e RT82 .K4 1975  |h Library of Congress classification  |i unmediated -- volume  |m A14805161418 
998 f f |a RT82 .K4 1975  |t 0  |l Remote Storage